<?xml version="1.0" encoding="UTF-8"?>
<collection xmlns="http://www.loc.gov/MARC21/slim">
<record>
  <controlfield tag="001">3078</controlfield>
  <controlfield tag="005">20170116144005.0</controlfield>
  <datafield tag="037" ind1=" " ind2=" ">
    <subfield code="a">CTALK-2017-0032</subfield>
  </datafield>
  <datafield tag="100" ind1=" " ind2=" ">
    <subfield code="a">Magdalenic, Jasmina</subfield>
  </datafield>
  <datafield tag="245" ind1=" " ind2=" ">
    <subfield code="a">Radio observations and Space Weather Research</subfield>
  </datafield>
  <datafield tag="260" ind1=" " ind2=" ">
    <subfield code="c">2016</subfield>
  </datafield>
  <datafield tag="269" ind1=" " ind2=" ">
    <subfield code="c">2016-10-25</subfield>
  </datafield>
  <datafield tag="520" ind1=" " ind2=" ">
    <subfield code="a">Coronal mass ejections and associated shock waves are the most frequent drivers of disturbed geomagnetic conditions. Therefore, tracking of CMEs and the CME-driven shock waves from the low corona through the inner heliosphere became one of the most often addressed topics of the space weather research. Observations of solar radio emission associated with CME-driven shock waves are unique means for tracking the shocks, as the shock radio emission can be observed in a broad frequency range (from several hundred MHz down to a few kHz), which encompasses the whole solar atmosphere and the inner heliosphere. Moreover, in many instances, radio emission also brings unique information on the coronal parameters e.g. coronal magnetic field strength and coronal electron density. In this presentation I will discuss how the radio observations (from metric to kilometric wavelength range) can be used in the space weather forecasting. The focus will be on the so-called type II bursts, radio signatures of shock waves. I will also address some of the recent results of the radio triangulation studies (of type II, type III and type IV radio bursts) which bring completely new insight into the causal relationship of the CMEs and associated solar radio emission. </subfield>
  </datafield>
  <datafield tag="594" ind1=" " ind2=" ">
    <subfield code="a">STCE</subfield>
  </datafield>
  <datafield tag="773" ind1=" " ind2=" ">
    <subfield code="t">The 4th AOSWA Workshop 2016, Jeju, South Korea</subfield>
  </datafield>
  <datafield tag="856" ind1="0" ind2=" ">
    <subfield code="f">jasmina.magdalenic@observatoire.be</subfield>
  </datafield>
  <datafield tag="906" ind1=" " ind2=" ">
    <subfield code="a">Invited</subfield>
  </datafield>
  <datafield tag="980" ind1=" " ind2=" ">
    <subfield code="a">CTALKINVI</subfield>
  </datafield>
</record>
</collection>